| 000 | 00704nam a2200217 u 4500 | ||
|---|---|---|---|
| 005 | 20250307063831.0 | ||
| 008 | 100602s2008 mx r 000 0 spa d | ||
| 020 | _a9789707188167 | ||
| 035 | _aUPN01000176273 | ||
| 049 | _aF | ||
| 050 | 4 |
_aQB209 _bB4.5 |
|
| 100 | 1 |
_aBennett, Paul, _d1954- _929238 |
|
| 245 | 1 | 4 |
_aUna mirada al tiempo / _cPaul Bennett ; tr. Adriana de la Torre Fernández. |
| 260 |
_aNaucalpan, Edo. de Méx. : _bIxmati Conocer, _c2008. |
||
| 300 |
_a31 p. : _bil. col. |
||
| 440 | 0 |
_aViajes a traves del tiempo y el espacio. _pA partir de 8 años |
|
| 534 |
_pTítulo original: _tTime |
||
| 650 | 4 |
_aTiempo _xHistoria _917388 |
|
| 650 | 2 |
_aTiempo _xMedidas _916031 |
|
| 905 | _aLibro | ||
| 999 |
_c148376 _d148376 |
||